1434 1313 1612 1995 1022 1772 1458 1020 1627 1423 1265 1515 1603 1442 1252 1581 1777 1315 1049 1370 1080 1492 1866 1887 1391 1052 1877 1330 1177 1295 1030 1115 1770 1195 1741 1891 1709 1358 1896 1067 1556 1944 1686 1913 1046 1293 1082 1884 1840 1672 1646 1401 1946 1929 1004 1129 1115 1993 1347 1665 1112 1469 1367 1047 1433 1788 1282 1433 1949 1069 1358 1514 1271 1274 1411 1011 1897 1719 1834 1471 1485 1345 1447 1995 1140 1349 1262 1972 1369 1152 1184 1304 1644 1344 1790 1745 1073 1042 1869 BCNSPRNW ULIB Ver.6.0+V

เปลี่ยนเป็นภาษาไทย

Change to English
 แสดงรายละเอียดบรรณานุกรม
  กลับหน้าหลัก

Brief Record : Get Marc (ISO 2709) : E-mail record : QR code < ปิดหน้าต่าง
LEADER : 00000nam 2200000uu 4500
001    13399123992
003     ULIB
008    141219s2556||||th 000 0 tha d
020    ^a9789742895037
060 04 ^aWK200^bท596ท
100 0  ^aเทพ หิมะทองคำ
245 10 ^aไทรอยด์ /^cเทพ หิมะทองคำ, เขียน
250    ^aพิมพ์ครั้งที่ 2 ;^bฉบับปรับปรุง
260    ^aกรุงเทพฯ :^bอมรินทร์สุขภาพ,^c2556.
300    ^a138 หน้า :^bภาพประกอบ ;^c21 ซม.
490 1  ^aชุดโรคภัยใกล้ตัว ;^vลำดับที่ 17
650  2 ^aGoiter.
650  2 ^aHypothyroidism.
650  2 ^aHyperthyroidism.
650  2 ^aThyroid gland^xabnormalities.
650  4 ^aคอพอก
650  4 ^aต่อมธัยรอยด์, โรค
650  4 ^aต่อมธัยรอยด์
830  0 ^aชุดโรคภัยใกล้ตัว ;^vลำดับที่ 17
945    ^p129^l0^i037516
945    ^p129^l0^i037517
945    ^p129^l0^i037518
945    ^p129^l0^i037519
945    ^p129^l0^i037520
945    ^p129^l0^i037521
945    ^p129^l0^i037522
945    ^p129^l0^i037523
945    ^p129^l0^i037524
945    ^p129^l0^i037525
999    ^aเกษร โพธิ์สุวรรณ
รายการนี้ยังไม่มีแท็ก
คุณยังไม่ได้ล็อกอิน คุณสามารถมีกิจกรรมร่วมกับเว็บไซต์ได้ แต่ต้องล็อกอินก่อน ::
  ล็อกอิน

รายการสื่อสารสนเทศ

ลำดับที่ ประเภท เลขเรียก/บาร์โค้ด สถานที่ สถานะ
1. วิทยาศาสตร์การแพทย์ และสุขภาพ
หนังสือสำรอง
สถานะ=หนังสือสำรอง
WK200 ท596ท ฉ.1 
  Barcode: 037516
ห้องสมุดวิทยาเขตสวรรค์ประชารักษ์
►ส่วนจัดเก็บหนังสือเก่า สปร
บนชั้น
  ขอยืม
2. วิทยาศาสตร์การแพทย์ และสุขภาพ
วิทยาศาสตร์การแพทย์ และสุขภาพ
WK200 ท596ท ฉ.10 
  Barcode: 037525
ห้องสมุดวิทยาเขตสวรรค์ประชารักษ์
►ส่วนจัดเก็บหนังสือเก่า สปร
บนชั้น
  ขอยืม
3. วิทยาศาสตร์การแพทย์ และสุขภาพ
วิทยาศาสตร์การแพทย์ และสุขภาพ
WK200 ท596ท ฉ.2 
  Barcode: 037517
ห้องสมุดวิทยาเขตสวรรค์ประชารักษ์
►ส่วนจัดเก็บหนังสือเก่า สปร
บนชั้น
  ขอยืม
4. วิทยาศาสตร์การแพทย์ และสุขภาพ
วิทยาศาสตร์การแพทย์ และสุขภาพ
WK200 ท596ท ฉ.3 
  Barcode: 037518
ห้องสมุดวิทยาเขตสวรรค์ประชารักษ์
►ส่วนจัดเก็บหนังสือเก่า สปร
บนชั้น
  ขอยืม
5. วิทยาศาสตร์การแพทย์ และสุขภาพ
วิทยาศาสตร์การแพทย์ และสุขภาพ
WK200 ท596ท ฉ.4 
  Barcode: 037519
ห้องสมุดวิทยาเขตสวรรค์ประชารักษ์
►ส่วนจัดเก็บหนังสือเก่า สปร
บนชั้น
  ขอยืม
6. วิทยาศาสตร์การแพทย์ และสุขภาพ
วิทยาศาสตร์การแพทย์ และสุขภาพ
WK200 ท596ท ฉ.5 
  Barcode: 037520
ห้องสมุดวิทยาเขตสวรรค์ประชารักษ์
►ส่วนจัดเก็บหนังสือเก่า สปร
บนชั้น
  ขอยืม
7. วิทยาศาสตร์การแพทย์ และสุขภาพ
วิทยาศาสตร์การแพทย์ และสุขภาพ
WK200 ท596ท ฉ.6 
  Barcode: 037521
ห้องสมุดวิทยาเขตสวรรค์ประชารักษ์
►ส่วนจัดเก็บหนังสือเก่า สปร
บนชั้น
  ขอยืม
8. วิทยาศาสตร์การแพทย์ และสุขภาพ
วิทยาศาสตร์การแพทย์ และสุขภาพ
WK200 ท596ท ฉ.7 
  Barcode: 037522
ห้องสมุดวิทยาเขตสวรรค์ประชารักษ์
►ส่วนจัดเก็บหนังสือเก่า สปร
บนชั้น
  ขอยืม
9. วิทยาศาสตร์การแพทย์ และสุขภาพ
วิทยาศาสตร์การแพทย์ และสุขภาพ
WK200 ท596ท ฉ.8 
  Barcode: 037523
ห้องสมุดวิทยาเขตสวรรค์ประชารักษ์
►ส่วนจัดเก็บหนังสือเก่า สปร
บนชั้น
  ขอยืม
10. วิทยาศาสตร์การแพทย์ และสุขภาพ
วิทยาศาสตร์การแพทย์ และสุขภาพ
WK200 ท596ท ฉ.9 
  Barcode: 037524
ห้องสมุดวิทยาเขตสวรรค์ประชารักษ์
►ส่วนจัดเก็บหนังสือเก่า สปร
บนชั้น
  ขอยืม

รายการใกล้เคียง
    ผู้แต่ง [เทพ หิมะทองคำ]

    หัวเรื่อง [Goiter.]
    หัวเรื่อง [Hypothyroidism.]
    หัวเรื่อง [Hyperthyroidism.]
    หัวเรื่อง [คอพอก]
    หัวเรื่อง [ต่อมธัยรอยด์, โรค]
    หัวเรื่อง [ต่อมธัยรอยด์]

BibComment


ยังไม่เคยถูกคอมเมนท์

คอมเมนท์ทรัพยากรรายการนี้
  คอมเมนท์: ไทรอยด์ เทพ หิม..


 Copyright 2026. Bcnsprnw @Library